| 000 | 00932nam a22003017a 4500 | ||
|---|---|---|---|
| 003 | CHAP | ||
| 005 | 20220329134436.0 | ||
| 008 | 971013s1980 r 00010 d | ||
| 010 | _a20561 | ||
| 011 | _a21533 | ||
| 035 | _a25623 | ||
| 040 | _cCHAP | ||
| 082 |
_a526.9 _bD65a 1980 |
||
| 100 | 0 | 0 |
_aDomínguez García-Tejero, Francisco. _933815 |
| 245 | _aTopografía abreviada | ||
| 250 | _a4 ed. | ||
| 260 |
_aBarcelona : _bDossat, _c1980 |
||
| 300 |
_a447 p. _b: ilus. |
||
| 590 |
_aBATCH-UPD _b10 _c20130110 _lUCH01 _h1207 |
||
| 590 |
_aBATCH-UPD _b10 _c20130410 _lUCH01 _h0748 |
||
| 590 |
_aBATCH-UPD _b10 _c20130914 _lUCH01 _h2049 |
||
| 590 |
_aCONVERSION _b10 _c20130109 _lUCH01 _h1312 |
||
| 650 | 1 | 4 |
_aTopografía. _9113907 |
| 901 | _aBK | ||
| 942 | _cLIBRO | ||
| 949 |
_a526.9 D65a 1980 _bBC _cLIBRO _d33724000937223 _eLIBRO _fc.2 _h77487 _i25623 _si |
||
| 949 |
_a526.9 D65a 1980 _bBC _cLIBRO _d33724000938007 _eLIBRO _h57011 _i25623 _si |
||
| 999 |
_c20561 _d20561 |
||